000 01154cam a22002771i 4500
003 SA-RiAUC
005 20250101075252.0
008 241226s2001 ua g 000 0cara c
040 _aSA-JeALM
_bara
_cSA-RiAUC
_erda
082 0 4 _a920.02
090 _a920.02
_bا ح م
100 1 _aأحمد تيمور، أحمد بن إسماعيل بن محمد تيمور،
_cباشا،
_d1871-1930
_eمؤلف.
245 1 0 _aتراجم أعيان القرن الثالث عشر وأوائل القرن الرابع عشر /
_cأحمد تيمور.
246 3 _aتراجم أعيان القرن الـ 13 وأوائل القرن الـ 14
250 _aالطبعة الأولى.
264 1 _aالقاهرة :
_bدار الآفاق العربية،
_c2001
300 _a163 صفحة ؛
_c24 سم
336 _aنص
_btxt
_2rdacontent
_3كتاب
337 _aبدون وسيط
_bn
_2rdamedia
338 _aمجلد
_bnc
_2rdacarrier
500 _aاهداء من احمد عبدالله بن حميد بتاريخ 22 / 11 / 1426 هـ
590 _aحمود.
650 7 _aتراجم
_2aucsh
942 _2ddc
_cBOOK
_n0
949 _aSA-JeALM
_d241226
_uosman123
_n1
999 _c4274
_d4274